000 00606nam a22002057a 4500
005 20260424131036.0
008 260417b |||||||| |||| 00| 0 eng d
020 _a978-93-5849-776-2
_c190
040 _aMAIN
041 _aasm
082 _a307.76
_bBHU
100 _aBhuyan, D. K.
_qDilip Kumar
245 _aনগ​ৰীয়া সমাজতত্ত্ৱ​
_bUrban Sociology
250 _a1st Ed.
260 _aDibrugarh
_bPradyut Hazarika, Banalata
_cJanuary 2026
300 _a159 p. ;
_c15 x 22 cm
505 _aArts 6th Semester NEP Core
650 _aSociology
942 _2ddc
_cBK
999 _c16348
_d16348